Media now: Understanding media, culture and technology. / (Record no. 5645)

MARC details
000 -LEADER
fixed length control field 00979nam a22001937a 4500
008 - FIXED-LENGTH DATA ELEMENTS--GENERAL INFORMATION
fixed length control field 150716b xxu||||| |||| 00| 0 eng d
020 ## - INTERNATIONAL STANDARD BOOK NUMBER
International Standard Book Number 9781133311362
050 ## - LIBRARY OF CONGRESS CALL NUMBER
Classification number HE7775.S79
100 ## - MAIN ENTRY--PERSONAL NAME
Personal name Straubaar, Joseph.
245 ## - TITLE STATEMENT
Title Media now: Understanding media, culture and technology. /
Statement of responsibility, etc. Joseph Straubhaar
250 ## - EDITION STATEMENT
Edition statement 8th ed.
260 ## - PUBLICATION, DISTRIBUTION, ETC.
Place of publication, distribution, etc. Boston:
Name of publisher, distributor, etc. Wadsworth Cengage Learning,
Date of publication, distribution, etc. 2014.
300 ## - PHYSICAL DESCRIPTION
Extent xxiv,579p.:
Other physical details ill.;
Dimensions 28cm.
500 ## - GENERAL NOTE
General note Includes index.
505 ## - FORMATTED CONTENTS NOTE
Formatted contents note Contents: Media and the information age: The changing media -- Media and society -- The media: Books and magazines -- Print to digital newspapers -- Recorded music -- Radio -- Film and home video -- Television -- The internet -- Public relations -- Advertising -- The third screen: Smart phones and tablets -- Media issues: Media uses and impacts -- Media policy and law -- Media ethics -- Global communications media.
700 ## - ADDED ENTRY--PERSONAL NAME
Personal name LAROSE, Robert.
700 ## - ADDED ENTRY--PERSONAL NAME
Personal name DAVENPORT, Lucinda.
942 ## - ADDED ENTRY ELEMENTS (KOHA)
Source of classification or shelving scheme Library of Congress Classification
Koha item type Books
Holdings
Withdrawn status Lost status Source of classification or shelving scheme Damaged status Not for loan Home library Current library Shelving location Date acquired Total Checkouts Full call number Barcode Date last seen Price effective from Koha item type
    Library of Congress Classification     WISCONSIN INTERNATIONAL UNIVERSITY COLLEGE, GHANA - MAIN LIBRARY WISCONSIN INTERNATIONAL UNIVERSITY COLLEGE, GHANA - MAIN LIBRARY Reference 16/07/2015   HE7775.S59 7981/408/15 16/07/2015 16/07/2015 Books

If you have any concerns or questions; kindly contact the library


© Powered by WIUC ICT DIRECTORATE